| 000 | 01694cam a2200553 a 4500 | ||
|---|---|---|---|
| 001 | 22113 | ||
| 003 | VRT | ||
| 005 | 20260320110529.0 | ||
| 008 | 240314s2014 xo e 000 f slo | ||
| 015 | _aSNBA2015/03 | ||
| 020 |
_a9788081143199 _q(viaz.) |
||
| 035 | _aAC831F7E-9052-4FB1-9EB3-D466745B086C | ||
| 035 | _aurn:nbn:sk:snk-amjooc | ||
| 035 | _aurn:nbn:sk:snk-am002lr9 | ||
| 039 | 9 |
_a202403141146 _bVLOAD _c201706081118 _dAUTHORITY _c201604291327 _dVLOAD _c201604271658 _dVLOAD |
|
| 040 |
_aSKPK _bslo _cSKPK _dSNK _eAACR2 |
||
| 041 | 0 | _aslo | |
| 044 |
_axo _cSK |
||
| 072 | 7 |
_a821.162.4-3 _xSlovenská próza _2konspekt |
|
| 080 |
_a316.346.2-055.2 _22001 |
||
| 080 |
_a(532) _22001 |
||
| 080 |
_a821.162.4-31 _22001 |
||
| 100 | 1 |
_aBulbeck, Soňa, _d1961- _4aut |
|
| 245 | 1 | 0 |
_aZ Rijádu do sveta _cSoňa Bulbeck |
| 250 | _a1. vyd. | ||
| 260 |
_aBratislava _bMarenčin PT _c2014 |
||
| 300 |
_a317 s. _c17 cm |
||
| 650 | 0 | 7 |
_aženy _zSaudská Arábia _2SNKPH |
| 650 | 0 | 7 |
_aWomen _zSaudi Arabia _2SNKPHeng |
| 655 | 7 |
_aslovenské romány _2SNKPH |
|
| 655 | 7 |
_aSlovak fiction _2SNKPHeng |
|
| 910 | _askpk | ||
| 910 | _apokpoh | ||
| 910 | _asllk | ||
| 910 | _attkjf | ||
| 910 | _avthk | ||
| 910 | _ahevk | ||
| 910 | _atotk | ||
| 910 | _apppk | ||
| 910 | _asvkbb | ||
| 910 | _asnk | ||
| 942 |
_2ddc _cKLDO _n0 |
||
| 949 |
_6270001000479442 _asvkbbA 143574 _bsvkbbm 750444 |
||
| 949 |
_asnklmDK 6898 SNKLM _bsnklm2014/71 |
||
| 949 |
_62889207670 _asavukPV 20061 _bsavuk2015/99 |
||
| 949 |
_617A1139891 _asnkSD 84028 _bsnk2015/7409 _o84/15 _s6100:20140925 |
||
| 949 |
_6273K0584365 _asvkpoA 224302 _bsvkpo581910 |
||
| 949 |
_617A1160119 _asnkSD 84028 D1 _bsnk2015/18873 _o84/15 |
||
| 999 |
_c22113 _d22113 |
||